Aprender a ser persona: un programa de desarrollo personal

Guardado en:
Detalles Bibliográficos
Autor principal: Jiménez, Miguel Angel (Autor)
Formato: Libro
Lenguaje:español
Publicado: Madrid SM 2001
Colección:Educar Práctico
Materias:
Etiquetas: Agregar Etiqueta
Sin Etiquetas, Sea el primero en etiquetar este registro!

MARC

LEADER 00000nam a2200000 a 4500
001 UCK8297
003 CL-VaPUC
008 060310e20010000SP |||||||||||||||||spa|d
020 |a 8428816611 
082 0 4 |a 616.8914  |b JIM  |2 21 
100 0 |a Jiménez, Miguel Angel  |e author  |9 498086 
245 1 0 |a Aprender a ser persona: un programa de desarrollo personal 
300 |a 256 p 
942 |c BK 
945 |d 20060310 00:00:00  |a jtorresc 
260 |a Madrid  |b SM  |c 2001 
650 0 |a Desarrollo Personal  |9 390751 
650 0 |a Personalidad   |9 307255 
650 0 |a Relaciones humanas  |9 307340 
650 0 |a Psicología del desarrollo  |9 307541 
650 0 |a Aprendizaje   |9 254827 
583 |a last modification  |c 20060310 00:00:00  |k Rodrigo Vera 
490 0 |a Educar Práctico 
999 |c 316010  |d 316008 
952 |0 0  |1 0  |4 0  |6 616_891400000000000_JIM_2001  |7 0  |8 A  |9 390039  |a BIBEDU  |b BIBEDU  |d 2019-11-22  |i 4206657  |o 616.8914 JIM 2001  |p 4206657  |r 2019-11-22  |w 2019-11-22  |y BK  |k EBA